| 000 | 00806nam a2200241 i 4500 | ||
|---|---|---|---|
| 001 | bg | ||
| 245 | 0 | 0 |
_aInformatyka ekonomiczna : _baspekty naukowe i dydaktyczne / _cred. nauk. Adam Nowicki, Dorota Jelonek, Jan Goliński. |
| 260 |
_aCzęstochowa : _bSekcja Wydawnictwa Wydziału Zarządzania Politechniki Częstochowskiej, _c2004. |
||
| 300 |
_a237 s. : _brys., wykr. ; _c24 cm. |
||
| 504 | _aBibliogr. przy rozdz. | ||
| 650 | 9 |
_aInformatyka _xstosowanie _xgospodarka |
|
| 655 | _aPodręczniki akademickie | ||
| 700 | 1 |
_aNOWICKI, Adam. _eRed. |
|
| 700 | 1 |
_aJELONEK, Dorota. _eRed. |
|
| 700 | 1 |
_aGOLIŃSKI, Jan. _eRed. |
|
| 020 | _a8388469622 | ||
| 040 | _cBPK | ||
| 041 | 0 | _apol | |
| 080 | _a330.47(075.8) | ||
| 920 | _a83-88469-62-2 | ||
| 942 | _cKS | ||
| 008 | s pl f |000 0 pol | ||
| 999 |
_c45697 _d45697 |
||
| 856 |
_uhttp://koha.tu.koszalin.pl/cgi-bin/koha/opac-detail.pl?biblionumber=45697 _yKatalog online BPK |
||